Toward a Christian moral theology /

Bibliographic Details
Main Author: Häring, Bernhard, 1912-
Format: Book
Language:English
Published: [Notre Dame, Ind.] : University of Notre Dame Press, 1966.
Series:The Cardinal O'Hara series. Studies and research in Christian theology at Notre Dame, v. 2
Subjects:

MARC

Tag First Indicator Second Indicator Subfields
LEADER 00000cam a22000001 4500
001 in00000059842
005 20151008051023.0
008 711013s1966 inu 00010 eng
010 |a  66015502  
035 |a (OCoLC)00393142 
035 |9 AAG5071AM 
040 |a DLC  |c DLC  |d TXA  |d UtOrBLW 
049 |a TXAM  |c [474729] 
050 0 0 |a BX1758.2  |b .H32 
082 0 |a 248.482 
092 |a 248.4  |b H281t 
100 1 |a Häring, Bernhard,  |d 1912- 
245 1 0 |a Toward a Christian moral theology /  |c [by] Bernard Haring. 
264 1 |a [Notre Dame, Ind.] :  |b University of Notre Dame Press,  |c 1966. 
300 |a viii, 230 pages ;  |c 22 cm. 
336 |a text  |b txt  |2 rdacontent 
337 |a unmediated  |b n  |2 rdamedia 
338 |a volume  |b nc  |2 rdacarrier 
490 0 |a The Cardinal O'Hara series. Studies and research in Christian theology at Notre Dame, v. 2 
650 0 |a Christian ethics  |x Catholic authors. 
740 2 |a A Christian moral theology. 
999 |a MARS 
999 f f |s 64f0b339-d12a-31c8-a7a3-f4b666dc4434  |i 194256e6-fb3c-300e-9e5d-771dc98e6999  |t 0 
952 f f |p ric  |a Texas A&M University  |b Rellis Campus  |c Joint Library Facility  |d Remote Storage  |t 0  |e BX1758.2 .H32  |h Library of Congress classification  |i unmediated -- volume  |m A14800611701 
998 f f |a BX1758.2 .H32  |t 0  |l Remote Storage